| 000 | 00514cab a2200169 4500 | ||
|---|---|---|---|
| 001 | L130267 | ||
| 008 | 050711n2005 000 0 eng u | ||
| 035 | _a(Sirsi) u130267 | ||
| 041 | _aeng | ||
| 245 | _aBenchmark: large contracts | ||
| 260 | _c2005 | ||
| 490 |
_aContract Journal _v429(6531) 29 June 2005, 13(1) |
||
| 520 | _aContract Journal's weekly at-a-glance business data looking at contracts over £2m. Tables. | ||
| 590 | _aIKA190705 | ||
| 690 | _aBUILT ENVIRONMENT-CONSTRUCTION MARKET | ||
| 942 | _n0 | ||
| 999 |
_c75524 _d75524 |
||